000 00711nam a2200289Ia 4500
005 20260324124640.0
008 008 260324s9999 xx 000 0 eng d
020 _a9781315570129
037 _aEBOOK
040 _aCRL
040 _beng
040 _cCRL
041 _2eng
041 _aeng
084 _qCRL
100 _aSimon Robbins
_91174971
245 0 _aBritish Generalship during the Great War
245 4 _bThe Military Career of Sir Henry Horne (1861–1929)
260 _bTaylor and Francis
260 _c2010
365 _a
365 _b240
856 _uhttp://www.taylorfrancis.com/books/9781315570129
942 _cEBOOK
999 _c1769519
_d1769519